Statistics for Countries 243 to 250

Click here to take the quiz!

General Stats

  • This quiz has been taken 2,496 times
    (1,570 since last reset)
  • The average score is 6 of 8

Answer Stats

country claiming itcountry% Correct
SpainCatalonia
88%
Iraq / TurkeyKurdistan
84%
SomaliaSomaliland
79%
CyprusNorthern Cyprus
74%
GeorgiaSouth Ossetia
70%
MoldovaTransnistria
63%
GeorgiaAbkhazia
62%
AzerbaijanNagorno-Karabakh
43%

Score Distribution

Percentile by Number Answered

Percent of People with Each Score

Your Score History

You have not taken this quiz since the last reset